University Home | Library Home | Institutional Repository

Jurisprudence / (Record no. 188013)

MARC details
000 -LEADER
fixed length control field 00996cam8a220030100 4500
001 - CONTROL NUMBER
control field lce00190036
008 - FIXED-LENGTH DATA ELEMENTS--GENERAL INFORMATION
fixed length control field 770105s1976 enk b 001 0 eng
010 ## - LIBRARY OF CONGRESS CONTROL NUMBER
LC control number 76383450
015 ## - NATIONAL BIBLIOGRAPHY NUMBER
National bibliography number GB76-20433
020 ## - INTERNATIONAL STANDARD BOOK NUMBER
Terms of availability L.18.00. a13.2..1.15
035 ## - SYSTEM CONTROL NUMBER
System control number (Sirsi) r112566
035 ## - SYSTEM CONTROL NUMBER
System control number (DLC) 76383450
035 ## - SYSTEM CONTROL NUMBER
System control number (UPRA)lce00190036
050 0# - LIBRARY OF CONGRESS CALL NUMBER
Classification number K230.D5
Item number J87 1976
082 ## - DEWEY DECIMAL CLASSIFICATION NUMBER
Classification number 340.1
100 1# - MAIN ENTRY--PERSONAL NAME
Personal name Dias, Reginald Walter Michael.
Linkage A40717.1
245 10 - TITLE STATEMENT
Title Jurisprudence /
Statement of responsibility, etc. [by] R. W. M. Dias.
250 ## - EDITION STATEMENT
Edition statement 4th ed.
260 ## - PUBLICATION, DISTRIBUTION, ETC.
Place of publication, distribution, etc. London :
Name of publisher, distributor, etc. Butterworth,
Date of publication, distribution, etc. 1976.
504 ## - BIBLIOGRAPHY, ETC. NOTE
Bibliography, etc. note Includes bibliographical references and index.
650 #0 - SUBJECT ADDED ENTRY--TOPICAL TERM
Topical term or geographic name entry element Jurisprudence.
Linkage S3558.1
949 ## - LOCAL PROCESSING INFORMATION (OCLC)
a K230.D5
w lcc
i 33729001870927
m MAIN
p 2500
t BOOK
l ON-SHELF
949 ## - LOCAL PROCESSING INFORMATION (OCLC)
a K230.D5
w lcc
i -161362
m MAIN
t BOOK
l ON-SHELF
949 ## - LOCAL PROCESSING INFORMATION (OCLC)
a K230.D5
w lcc
i -161363
m MAIN
t BOOK
l ON-SHELF
949 ## - LOCAL PROCESSING INFORMATION (OCLC)
a K230.D5
w lcc
i -161364
m MAIN
t BOOK
l ON-SHELF
949 ## - LOCAL PROCESSING INFORMATION (OCLC)
a K230.D5
w lcc
i -161365
m MAIN
t BOOK
l ON-SHELF

No items available.

© 2026 - The University of Zambia Library - Koha v25.11